|
|
|
|
| LEADER |
01794nam a2200421 i 4500 |
| 001 |
EBC3332838 |
| 003 |
MiAaPQ |
| 005 |
20200520144314.0 |
| 006 |
m o d | |
| 007 |
cr cnu|||||||| |
| 008 |
141219t20142014quca ob 001 0 eng d |
| 020 |
|
|
|z 9780773543652
|
| 020 |
|
|
|z 9780773543669
|
| 020 |
|
|
|a 9780773592100
|q (electronic bk.)
|
| 020 |
|
|
|a 9780773592117
|q (electronic bk.)
|
| 035 |
|
|
|a (MiAaPQ)EBC3332838
|
| 035 |
|
|
|a (Au-PeEL)EBL3332838
|
| 035 |
|
|
|a (CaPaEBR)ebr10993867
|
| 035 |
|
|
|a (OCoLC)881860198
|
| 040 |
|
|
|a MiAaPQ
|b eng
|e rda
|e pn
|c MiAaPQ
|d MiAaPQ
|
| 050 |
|
4 |
|a HB87
|b .M894 2014
|
| 082 |
0 |
|
|a 330.09/04
|2 23
|
| 100 |
1 |
|
|a Muzhani, Marin,
|e author.
|
| 245 |
1 |
0 |
|a Mainstream growth economists and capital theorists :
|b a survey /
|c Marin Muzhani.
|
| 264 |
|
1 |
|a Montreal, Quebec :
|b McGill-Queen's University Press,
|c 2014.
|
| 264 |
|
4 |
|c 2014
|
| 300 |
|
|
|a 1 online resource (569 pages) :
|b illustrations
|
| 336 |
|
|
|a text
|2 rdacontent
|
| 337 |
|
|
|a computer
|2 rdamedia
|
| 338 |
|
|
|a online resource
|2 rdacarrier
|
| 504 |
|
|
|a Includes bibliographical references and index.
|
| 588 |
|
|
|a Description based on online resource; title from PDF title page (ebrary, viewed December 18, 2014).
|
| 590 |
|
|
|a Electronic reproduction. Ann Arbor, MI : ProQuest, 2015. Available via World Wide Web. Access may be limited to ProQuest affiliated libraries.
|
| 650 |
|
0 |
|a Economics
|x History
|y 20th century.
|
| 655 |
|
4 |
|a Electronic books.
|
| 776 |
0 |
8 |
|i Print version:
|a Muzhani, Marin.
|t Mainstream growth economists and capital theorists : a survey.
|d Montreal, Quebec : McGill-Queen's University Press, c2014
|h x, 558 pages
|z 9780773543652
|
| 797 |
2 |
|
|a ProQuest (Firm)
|
| 856 |
4 |
0 |
|u https://ebookcentral.proquest.com/lib/matrademy/detail.action?docID=3332838
|z Click to View
|